BIBLIOTECA

SENCICO

V Simposium Internacional de Perforación y Voladura de Rocas : Expositor, Calvi J. Konya Ph. D. (Registro nro. 3303)

Detalles MARC
000 -LEADER
fixed length control field 00610nam a2200193Ia 4500
005 - DATE AND TIME OF LATEST TRANSACTION
control field 20251020182610.0
008 - FIXED-LENGTH DATA ELEMENTS--GENERAL INFORMATION
fixed length control field 200515s9999 xx 000 0 und d
082 ## - DEWEY DECIMAL CLASSIFICATION NUMBER
Classification number SC/623.454.3/S56
110 ## - MAIN ENTRY--CORPORATE NAME
Corporate name or jurisdiction name as entry element Sipevor 99
245 #0 - TITLE STATEMENT
Title V Simposium Internacional de Perforación y Voladura de Rocas : Expositor, Calvi J. Konya Ph. D.
260 ## - PUBLICATION, DISTRIBUTION, ETC.
Place of publication, distribution, etc. Lima
260 ## - PUBLICATION, DISTRIBUTION, ETC.
Date of publication, distribution, etc. 1999
300 ## - PHYSICAL DESCRIPTION
Extent 73
520 ## - SUMMARY, ETC.
Summary, etc. Artículos sobre voladura de rocas y perforación subterránea, además la seguridad en voladura y manejo de explosivos
650 ## - SUBJECT ADDED ENTRY--TOPICAL TERM
Topical term or geographic name entry element EXPLOSIVOS
650 ## - SUBJECT ADDED ENTRY--TOPICAL TERM
Topical term or geographic name entry element MINERIA
650 ## - SUBJECT ADDED ENTRY--TOPICAL TERM
Topical term or geographic name entry element VOLADURA DE ROCAS
942 ## - ADDED ENTRY ELEMENTS (KOHA)
Koha item type Libros
Existencias
Fecha de la última vez que lo usaron Pago total Signatura topográfica completa Código de barras Precio efectivo desde Tipo de documento Estado perdido Estado dañado No es para préstamo Retirado Ubicación permanente Ubicación actual Fecha de adquisición
15/05/2020   SC/623.454.3/S56 Bib-Lima15053303 15/05/2020 Libros         Biblioteca Central Lima Biblioteca Central Lima 15/05/2020